Missing Word: No Word is Missing (A-Z) Quiz Stats

 Plays Quiz Updated Mar 15, 2013

Support Sporcle.
Go Orange.
Score 0/26 Timer 05:00
3 Plays Today
Words with 'word' Missing % Correct
'OK, I'll just have to believe you… I'll take your word for ___!'it
94%
The 'Word of the ____' appears 365 (or 366) times a year, in the NYTimes.com Education section.Day
93.6%
Kids are often in big trouble with their parents if they use a '4-______ word.'letter
92.8%
The number of words appearing in a document is known as the 'word _____'.count
92.1%
John 1:1 (KJV) begins with: 'In the beginning was the Word, and the Word was with ____, ...'God
91.3%
In old Western movies, a cowboy who was provoked, offended, or received harsh criticism would often say 'Them's ________ words!' (and fisticuffs might ensue).fightin'
88.6%
A TV commercial often is prefaced with the phrase 'And now, a word from our ________.'sponsor(s)
88.4%
Many parents give their newborn a 'word _____', such as 'Rose', 'Grace', 'Echo', or 'Glory'.name
87.2%
The genre of word games known as 'mixed word' is also often referred to as 'word _______'.jumble
84.8%
This word, meaning 'barely', is used when a person keeps talking without giving you an opportunity to speak, as in: 'I just can't get a word in _________!'edgewise (edgeways)
84.6%
Merriam-Webster's 'Word of the _____' for 2011 was pragmatic -- it was 'pragmatic'.Year
84.4%
Ironically, a warning, or polite advice, is sometimes preceded with the phrase 'A word to the _____ ...'wise
82.3%
This popular word-processing computer software is used by millions of people: 'Microsoft _______ Word'Office
82.1%
Words with 'word' Missing % Correct
Parents hoping to hear the word 'please' from kids often coax them: 'Say the ______ word!'magic
80.1%
A crossword puzzle is often referred to as '__-word' puzzle (although, I suppose in ancient Rome that meant it only had ten words).X
78.5%
The Elton John song title “Sorry Seems to be the ______ Word” refers to how difficult it is, or how reluctant people might be, to apologize in the course of relationships.Hardest
78.2%
'______ words were never spoken.' is a cliché used to express that you fully agree with someone.Truer
75.8%
'Shhhh! Don't _______ a word!'breathe
73.8%
This type of 'word _____' involves missing words; others may scramble or change certain letters.quiz
70%
The 'Word ____' is an iPod app which teaches children 100 words through strange and funny animals.Zoo
69.4%
A '____ word' is the basic form of a word before any affixes (such as prefixes or suffixes) are added.root
67.2%
The phrases 'I comprehend' or 'I agree' can be succinctly said with the slang phrase 'Word ___.'up
64.7%
'Word ___________ ' is the uttering of the first things that come into your mind, in order (for example 'cat-dog-leash-rope-hangman-game-Sporcle')association
64.4%
A '____ word' can be used to encipher or decipher a cryptogram.key
61.4%
Many Spelling Bee participants use 'word ______________' to get a mental image of the word first.visualization
47.2%
A '_____________ word' has mul·ti·ple distinct units or breaks when spoken aloud.polysyllabic
25.7%

Today's Daily Dose

Quick Pick
Nissan Models

Get the Picture
Amazing Trees

From the Vault

What's Left? IV

by sproutcm

Guessing everything that's left, is the only way to get everything right.
Remove Ads.
Support Sporcle.
Get the best of Sporcle when you Go Orange. This ad-free experience offers more features, more stats, and more fun while also helping to support Sporcle. Thank you for becoming a member.

Show Comments

Extras

Top Quizzes Today


Score Distribution

Your Account Isn't Verified!

In order to create a playlist on Sporcle, you need to verify the email address you used during registration. Go to your Sporcle Settings to finish the process.

Report this User

Report this user for behavior that violates our Community Guidelines.

Details: